40 years Valentiny hvp architects :Culture vol- I to V (Record no. 14373)

000 -LEADER
fixed length control field 00737cam a22002175i 4500
003 - CONTROL NUMBER IDENTIFIER
control field OSt
005 - DATE AND TIME OF LATEST TRANSACTION
control field 20260303095319.0
008 - FIXED-LENGTH DATA ELEMENTS--GENERAL INFORMATION
fixed length control field 200828s2020 mau 000 0 eng
010 ## - LIBRARY OF CONGRESS CONTROL NUMBER
LC control number 2020945156
020 ## - INTERNATIONAL STANDARD BOOK NUMBER
International Standard Book Number 9783035622560
Qualifying information (hardback)
042 ## - AUTHENTICATION CODE
Authentication code pcc
082 ## - DEWEY DECIMAL CLASSIFICATION NUMBER
Classification number 720.922
245 00 - TITLE STATEMENT
Title 40 years Valentiny hvp architects :Culture vol- I to V
Remainder of title stories from the inside /
Statement of responsibility, etc Ian de Toffoli.
263 ## - PROJECTED PUBLICATION DATE
Projected publication date 1111
300 ## - PHYSICAL DESCRIPTION
Extent volumes cm
650 ## - SUBJECT ADDED ENTRY--TOPICAL TERM
Source of heading or term Learning and working, volI,Leisure and sports, Living vol-III, vol-IV, From past to present vol-V
700 1# - ADDED ENTRY--PERSONAL NAME
Personal name Toffoli, Ian de,
Relator term editor.
906 ## - LOCAL DATA ELEMENT F, LDF (RLIN)
a 0
b ibc
c orignew
d 2
e epcn
f 20
g y-gencatlg
942 ## - ADDED ENTRY ELEMENTS (KOHA)
Source of classification or shelving scheme
955 ## - COPY-LEVEL INFORMATION (RLIN)
Book number/undivided call number, CCAL (RLIN) xd09 2020-08-28
Classification number, CCAL (RLIN) xn16 2022-02-15 1 copy rec'd., to USASH
Holdings
Withdrawn status Lost status Source of classification or shelving scheme Damaged status Koha normalized classification for sorting Not for loan Permanent location Current location Shelving location Date acquired Full call number Barcode Date last seen Price effective from Koha item type
        720_922000000000000   BMS College of Architecture, Design and Planning BMS College of Architecture, Design and Planning General Stacks 2025-12-19 720.922 AR-UG5257 2026-02-10 2026-02-10 UG Books
        720_922000000000000   BMS College of Architecture, Design and Planning BMS College of Architecture, Design and Planning General Stacks 2025-12-19 720.922 AR-UG5258 2026-02-10 2026-02-10 UG Books
        720_922000000000000   BMS College of Architecture, Design and Planning BMS College of Architecture, Design and Planning General Stacks 2025-12-19 720.922 AR-UG5259 2026-02-10 2026-02-10 UG Books
        720_922000000000000   BMS College of Architecture, Design and Planning BMS College of Architecture, Design and Planning General Stacks 2025-12-19 720.922 AR-UG5260 2026-02-10 2026-02-10 UG Books
        720_922000000000000   BMS College of Architecture, Design and Planning BMS College of Architecture, Design and Planning General Stacks 2025-12-19 720.922 AR-UG5261 2026-02-10 2026-02-10 UG Books
Copyright © 2025, The Librarian, Library and Information Centre, BMSCA D&P, Bengaluru. All Rights Reserved
web counter

Powered by Koha